<?xml version="1.0" encoding="UTF-8"?>
<record
    xmlns:xsi="http://www.w3.org/2001/XMLSchema-instance"
    xsi:schemaLocation="http://www.loc.gov/MARC21/slim http://www.loc.gov/standards/marcxml/schema/MARC21slim.xsd"
    xmlns="http://www.loc.gov/MARC21/slim">

  <leader>01426nam a2200313Ic 4500</leader>
  <controlfield tag="001">58685</controlfield>
  <controlfield tag="003">CO-BoRNBP</controlfield>
  <controlfield tag="005">20250827164858.0</controlfield>
  <controlfield tag="007">ta</controlfield>
  <controlfield tag="008">180109s9999    xx            000 0 und d</controlfield>
  <datafield tag="020" ind1=" " ind2=" ">
    <subfield code="a">9584259423\9789584259424</subfield>
  </datafield>
  <datafield tag="040" ind1=" " ind2=" ">
    <subfield code="a">CO-BoRNBP</subfield>
    <subfield code="b">spa</subfield>
    <subfield code="e">rda</subfield>
    <subfield code="c">CO-BoRNBP</subfield>
  </datafield>
  <datafield tag="041" ind1=" " ind2=" ">
    <subfield code="a">spa</subfield>
  </datafield>
  <datafield tag="084" ind1=" " ind2=" ">
    <subfield code="a">P</subfield>
  </datafield>
  <datafield tag="245" ind1="1" ind2="3">
    <subfield code="a">El libro m&#xE1;gico de Pombo 2 /</subfield>
    <subfield code="c">pr&#xF3;logo de Carlos Vives ; ilustraciones de Leo Espinosa.</subfield>
  </datafield>
  <datafield tag="250" ind1=" " ind2=" ">
    <subfield code="a">Primera edici&#xF3;n</subfield>
  </datafield>
  <datafield tag="264" ind1=" " ind2="1">
    <subfield code="a">Bogot&#xE1;, Colombia :</subfield>
    <subfield code="b">Editorial Planeta;2017,</subfield>
    <subfield code="c">2017</subfield>
  </datafield>
  <datafield tag="300" ind1=" " ind2=" ">
    <subfield code="a">94 p&#xE1;ginas :</subfield>
    <subfield code="b">ilustraciones en color +</subfield>
    <subfield code="e">1 CD</subfield>
  </datafield>
  <datafield tag="336" ind1=" " ind2=" ">
    <subfield code="a">texto</subfield>
    <subfield code="b">txt</subfield>
    <subfield code="2">rdacontent</subfield>
  </datafield>
  <datafield tag="337" ind1=" " ind2=" ">
    <subfield code="a">sin mediaci&#xF3;n</subfield>
    <subfield code="b">n</subfield>
    <subfield code="2">rdamedia</subfield>
  </datafield>
  <datafield tag="338" ind1=" " ind2=" ">
    <subfield code="a">volumen</subfield>
    <subfield code="b">nc</subfield>
    <subfield code="2">rdacarrier</subfield>
  </datafield>
  <datafield tag="500" ind1=" " ind2=" ">
    <subfield code="a">Artistas invitados: Monsieur Perin&#xE9;, ChoQuibTown, Fanny Lu, Gusi, Herencia de Timbiqu&#xED;, Ciegos Sordomudos, Jorge Celed&#xF3;n, Velo de Oza, Andr&#xE9;s Cepeda, Martina la Peligrosa, Doctor Kr&#xE1;pula</subfield>
  </datafield>
  <datafield tag="505" ind1="0" ind2=" ">
    <subfield code="a">Cartilla objetiva  Bambucos patri&#xF3;ticos  El arrullo  Juaco el ballenero  Haz lo que hay en t&#xED;  El conejo aventurero  El ni&#xF1;o y el buey  El perro de Enrique  La raz&#xF3;n y la fe  El pajarito de oro  La gota y el torrente</subfield>
  </datafield>
  <datafield tag="650" ind1="0" ind2="7">
    <subfield code="a">Animales - Poesia</subfield>
    <subfield code="2">lemb</subfield>
    <subfield code="9">15710</subfield>
  </datafield>
  <datafield tag="650" ind1="0" ind2="4">
    <subfield code="a">Poes&#xED;a infantil colombiana</subfield>
    <subfield code="2">LEMB</subfield>
    <subfield code="9">943</subfield>
  </datafield>
  <datafield tag="650" ind1="0" ind2="4">
    <subfield code="a">Literatura infantil colombiana</subfield>
    <subfield code="2">LEMB</subfield>
    <subfield code="9">34</subfield>
  </datafield>
  <datafield tag="700" ind1="1" ind2=" ">
    <subfield code="a">Vives, Carlos, 1961-, prologuista \ Espinosa, Leo, ilustrador</subfield>
    <subfield code="e">ill</subfield>
    <subfield code="9">63807</subfield>
  </datafield>
  <datafield tag="942" ind1=" " ind2=" ">
    <subfield code="2">loc</subfield>
    <subfield code="c">BK</subfield>
  </datafield>
  <datafield tag="999" ind1=" " ind2=" ">
    <subfield code="c">58685</subfield>
    <subfield code="d">58685</subfield>
  </datafield>
  <datafield tag="952" ind1=" " ind2=" ">
    <subfield code="0">0</subfield>
    <subfield code="1">0</subfield>
    <subfield code="2">ddc</subfield>
    <subfield code="4">0</subfield>
    <subfield code="7">0</subfield>
    <subfield code="8">INF</subfield>
    <subfield code="a">MECASARI</subfield>
    <subfield code="b">MECASARI</subfield>
    <subfield code="c">LIT</subfield>
    <subfield code="d">2025-08-27</subfield>
    <subfield code="l">0</subfield>
    <subfield code="o">P</subfield>
    <subfield code="p">MDA001350</subfield>
    <subfield code="r">2025-08-27 16:49:14</subfield>
    <subfield code="t">Ej.1</subfield>
    <subfield code="w">2025-08-27</subfield>
    <subfield code="y">BK</subfield>
  </datafield>
</record>
